<?xml version="1.0" encoding="UTF-8"?>
<record
    xmlns:xsi="http://www.w3.org/2001/XMLSchema-instance"
    xsi:schemaLocation="http://www.loc.gov/MARC21/slim http://www.loc.gov/standards/marcxml/schema/MARC21slim.xsd"
    xmlns="http://www.loc.gov/MARC21/slim">

  <leader>02262    a2200205   4500</leader>
  <controlfield tag="001">23789</controlfield>
  <controlfield tag="005">20260407155524.0</controlfield>
  <controlfield tag="008">260407a1956    arg                 spa d</controlfield>
  <controlfield tag="003">AR-UNSa-BCEJYS</controlfield>
  <datafield tag="040" ind1=" " ind2=" ">
    <subfield code="a">AR-UNSa-BCEJYS</subfield>
    <subfield code="b">spa</subfield>
    <subfield code="c">AR-UNSa-BCEJYS</subfield>
  </datafield>
  <datafield tag="080" ind1=" " ind2=" ">
    <subfield code="a">51-7</subfield>
    <subfield code="x">Estudios y m&#xE9;todos matem&#xE1;ticos en otros campos del conocimiento. Matem&#xE1;ticas cient&#xED;ficas. Matem&#xE1;ticas actuariales (Matem&#xE1;ticas Financieras)</subfield>
  </datafield>
  <datafield tag="245" ind1="1" ind2="0">
    <subfield code="a">Matem&#xE1;ticas Financieras</subfield>
  </datafield>
  <datafield tag="250" ind1=" " ind2=" ">
    <subfield code="a">6a. ed</subfield>
  </datafield>
  <datafield tag="264" ind1=" " ind2="1">
    <subfield code="a">Buenos Aires :</subfield>
    <subfield code="b">Imprenta L&#xF3;pez</subfield>
    <subfield code="c">1956</subfield>
  </datafield>
  <datafield tag="300" ind1=" " ind2=" ">
    <subfield code="a">2 v.</subfield>
    <subfield code="c">25 cm.</subfield>
  </datafield>
  <datafield tag="505" ind1=" " ind2=" ">
    <subfield code="a">Vol. I: Libro Primero : Intereses y descuentos : 1. Intereses simples - 2. Intereses compuestos - 3. Descuentos - Libro Segundo : Anualidades ciertas : 4. Imposiciones a intereses compuestos - 5. Imposiciones a intereses simples - 6. Amortizaciones - 7. Rentas - 8. Anualidades variables - 9. Empr&#xE9;stitos hechos mediante la emisi&#xF3;n de obligaciones -- Vol. II: Libro Primero : Las funciones biometricas : 1. Tablas de mortalidad - 2. Vida media, vida probable, m&#xE1;s probable duraci&#xF3;n de la vida - 3. La tasa instant&#xE1;nea de mortalidad - 4. Hip&#xF3;tesis relativas a la tasa instantanea de mortalidad - 5. Probabilidades de vida y muerte referentes a grupos de dos o mas personas - 6. Tablas de mortalidad de asegurados - 7. Ajustamiento de tablas - Libro Segundo : Seguros sobre la vida : 8. Nociones fundamentales - 9. Rentas vitalicias constantes - 10. Rentas vitalicias variables - 11. Rentas pagaderas en subperiodos de a&#xF1;o - 12. Seguros en caso de muerte - 13. Seguros en caso de muerte en funci&#xF3;n de las rentas - 14. Seguros variables - 15. Primas periodicas - 16. Rentas completas - 17. Formas especiales de seguro - 18. Primas de tarifa - 19. Recargos especiales - 20. Reembolso de primas - 21. Reservas  matem&#xE1;ticas - reservas puras - 22. Reservas  matem&#xE1;ticas - reservas cargadas - 23. Modificaci&#xF3;n en las p&#xF3;lizas - 24. La cuenta de ganancias y perdidas - 25. Rentas sobre varias vidas en conjunto - 26. Seguros sobre varias vidas en conjunto - 27. Rentas y seguros de supervivencia - Libro Tercero : Seguros vinculados al de vida : 28. La invalidez - 29. Seguro de enfermedad.</subfield>
  </datafield>
  <datafield tag="942" ind1=" " ind2=" ">
    <subfield code="c">BK</subfield>
  </datafield>
  <datafield tag="590" ind1=" " ind2=" ">
    <subfield code="a">niveau_biblio:m niveau_hierar:0</subfield>
  </datafield>
  <datafield tag="100" ind1="1" ind2=" ">
    <subfield code="a">Gonz&#xE1;lez Gal&#xE9;, Jos&#xE9;</subfield>
  </datafield>
  <datafield tag="999" ind1=" " ind2=" ">
    <subfield code="c">1132</subfield>
    <subfield code="d">1132</subfield>
  </datafield>
  <datafield tag="952" ind1=" " ind2=" ">
    <subfield code="0">0</subfield>
    <subfield code="1">0</subfield>
    <subfield code="4">0</subfield>
    <subfield code="7">0</subfield>
    <subfield code="a">BCEJYS</subfield>
    <subfield code="b">BCEJYS</subfield>
    <subfield code="c">16</subfield>
    <subfield code="d">2026-04-07</subfield>
    <subfield code="l">0</subfield>
    <subfield code="o">51-7 G642 v.2 4ed.</subfield>
    <subfield code="p">L20774</subfield>
    <subfield code="r">2026-04-07 15:55:24</subfield>
    <subfield code="w">2026-04-07</subfield>
    <subfield code="y">L</subfield>
  </datafield>
  <datafield tag="952" ind1=" " ind2=" ">
    <subfield code="0">0</subfield>
    <subfield code="1">0</subfield>
    <subfield code="4">0</subfield>
    <subfield code="7">0</subfield>
    <subfield code="a">BCEJYS</subfield>
    <subfield code="b">BCEJYS</subfield>
    <subfield code="c">16</subfield>
    <subfield code="d">2026-04-07</subfield>
    <subfield code="l">0</subfield>
    <subfield code="o">51-7 G642 v.2 4ed.</subfield>
    <subfield code="p">L21061</subfield>
    <subfield code="r">2026-04-07 15:55:24</subfield>
    <subfield code="w">2026-04-07</subfield>
    <subfield code="y">L</subfield>
  </datafield>
  <datafield tag="952" ind1=" " ind2=" ">
    <subfield code="0">0</subfield>
    <subfield code="1">0</subfield>
    <subfield code="4">0</subfield>
    <subfield code="7">0</subfield>
    <subfield code="a">BCEJYS</subfield>
    <subfield code="b">BCEJYS</subfield>
    <subfield code="c">16</subfield>
    <subfield code="d">2026-04-07</subfield>
    <subfield code="l">0</subfield>
    <subfield code="o">51-7 G642 v.2 4ed.</subfield>
    <subfield code="p">L20589</subfield>
    <subfield code="r">2026-04-07 15:55:24</subfield>
    <subfield code="w">2026-04-07</subfield>
    <subfield code="y">L</subfield>
  </datafield>
  <datafield tag="952" ind1=" " ind2=" ">
    <subfield code="0">0</subfield>
    <subfield code="1">0</subfield>
    <subfield code="4">0</subfield>
    <subfield code="7">0</subfield>
    <subfield code="a">BCEJYS</subfield>
    <subfield code="b">BCEJYS</subfield>
    <subfield code="c">16</subfield>
    <subfield code="d">2026-04-07</subfield>
    <subfield code="l">0</subfield>
    <subfield code="o">51-7 G642 v.2 4ed.</subfield>
    <subfield code="p">L20590</subfield>
    <subfield code="r">2026-04-07 15:55:24</subfield>
    <subfield code="w">2026-04-07</subfield>
    <subfield code="y">L</subfield>
  </datafield>
  <datafield tag="952" ind1=" " ind2=" ">
    <subfield code="0">0</subfield>
    <subfield code="1">0</subfield>
    <subfield code="4">0</subfield>
    <subfield code="7">0</subfield>
    <subfield code="a">BCEJYS</subfield>
    <subfield code="b">BCEJYS</subfield>
    <subfield code="c">16</subfield>
    <subfield code="d">2026-04-07</subfield>
    <subfield code="l">0</subfield>
    <subfield code="o">51-7 G642 v.2 4ed.</subfield>
    <subfield code="p">L21278</subfield>
    <subfield code="r">2026-04-07 15:55:24</subfield>
    <subfield code="w">2026-04-07</subfield>
    <subfield code="y">L</subfield>
  </datafield>
  <datafield tag="952" ind1=" " ind2=" ">
    <subfield code="0">0</subfield>
    <subfield code="1">0</subfield>
    <subfield code="4">0</subfield>
    <subfield code="7">0</subfield>
    <subfield code="a">BCEJYS</subfield>
    <subfield code="b">BCEJYS</subfield>
    <subfield code="c">16</subfield>
    <subfield code="d">2026-04-07</subfield>
    <subfield code="l">0</subfield>
    <subfield code="o">51-7 G642 v.2 4ed.</subfield>
    <subfield code="p">L21060</subfield>
    <subfield code="r">2026-04-07 15:55:24</subfield>
    <subfield code="w">2026-04-07</subfield>
    <subfield code="y">L</subfield>
  </datafield>
  <datafield tag="952" ind1=" " ind2=" ">
    <subfield code="0">0</subfield>
    <subfield code="1">0</subfield>
    <subfield code="4">0</subfield>
    <subfield code="7">0</subfield>
    <subfield code="a">BCEJYS</subfield>
    <subfield code="b">BCEJYS</subfield>
    <subfield code="c">16</subfield>
    <subfield code="d">2026-04-07</subfield>
    <subfield code="l">0</subfield>
    <subfield code="o">51-7 G642 v.2 4ed.</subfield>
    <subfield code="p">L21279</subfield>
    <subfield code="r">2026-04-07 15:55:24</subfield>
    <subfield code="w">2026-04-07</subfield>
    <subfield code="y">L</subfield>
  </datafield>
  <datafield tag="952" ind1=" " ind2=" ">
    <subfield code="0">0</subfield>
    <subfield code="1">0</subfield>
    <subfield code="4">0</subfield>
    <subfield code="7">0</subfield>
    <subfield code="a">BCEJYS</subfield>
    <subfield code="b">BCEJYS</subfield>
    <subfield code="c">16</subfield>
    <subfield code="d">2026-04-07</subfield>
    <subfield code="l">0</subfield>
    <subfield code="o">51-7 G642 v.1 6ed.</subfield>
    <subfield code="p">L20591</subfield>
    <subfield code="r">2026-04-07 15:55:24</subfield>
    <subfield code="w">2026-04-07</subfield>
    <subfield code="y">L</subfield>
  </datafield>
</record>
